00326nam a22000977a 4500003000400000082001600004100004000020245010700060260005300167300000800220SGT a301.2bP15M aमिश्र, आहितया aपुष्पक 30 : साहित्यिक यात्रा का 30व उद्घोष bकदिम्बिनी क्लब c2015 a104